<?xml version="1.0" encoding="UTF-8"?>
<record
    xmlns:xsi="http://www.w3.org/2001/XMLSchema-instance"
    xsi:schemaLocation="http://www.loc.gov/MARC21/slim http://www.loc.gov/standards/marcxml/schema/MARC21slim.xsd"
    xmlns="http://www.loc.gov/MARC21/slim">

  <leader>01541    a2200217   4500</leader>
  <controlfield tag="001">54617</controlfield>
  <controlfield tag="005">20260407155820.0</controlfield>
  <controlfield tag="008">260407a1989    arg                 spa d</controlfield>
  <controlfield tag="003">AR-UNSa-BCEJYS</controlfield>
  <datafield tag="040" ind1=" " ind2=" ">
    <subfield code="a">AR-UNSa-BCEJYS</subfield>
    <subfield code="b">spa</subfield>
    <subfield code="c">AR-UNSa-BCEJYS</subfield>
  </datafield>
  <datafield tag="080" ind1=" " ind2=" ">
    <subfield code="a">329.12</subfield>
    <subfield code="x">Corriente liberal</subfield>
  </datafield>
  <datafield tag="245" ind1="1" ind2="0">
    <subfield code="a">Liberalismo y Estructuralismo</subfield>
    <subfield code="p">en la Argentina contemporanea</subfield>
  </datafield>
  <datafield tag="020" ind1=" " ind2=" ">
    <subfield code="a">950-9109-25-8</subfield>
  </datafield>
  <datafield tag="250" ind1=" " ind2=" ">
    <subfield code="a">2a. ed.</subfield>
  </datafield>
  <datafield tag="264" ind1=" " ind2="1">
    <subfield code="a">Buenos Aires :</subfield>
    <subfield code="b">Tesis</subfield>
    <subfield code="c">1989</subfield>
  </datafield>
  <datafield tag="300" ind1=" " ind2=" ">
    <subfield code="a">370 p.</subfield>
    <subfield code="c">22,5 cm.</subfield>
  </datafield>
  <datafield tag="505" ind1=" " ind2=" ">
    <subfield code="a">1. Introducci&#xF3;n a la investigaci&#xF3;n y contenido de la misma - Parte I: An&#xE1;lisis emp&#xED;rico - 2. Evoluci&#xF3;n de la econom&#xED;a argentina en el per&#xED;odo 1946-81 - Parte II: An&#xE1;lisis conceptual - 3. Antecedentes de filosof&#xED;a econ&#xF3;mica del modelo liberal argentino contempor&#xE1;neo - 4. Filosof&#xED;a econ&#xF3;mica del modelo liberal argentino contempor&#xE1;neo - 5. Antecedentes de filosof&#xED;a econ&#xF3;mica de los modelos estructuralistas argentinos contempor&#xE1;neos - 6. Filosof&#xED;a econ&#xF3;mica de los modelos estructuralistas argentinos contempor&#xE1;neos - Parte III: An&#xE1;lisis pragm&#xE1;tico - 7. Funcionamiento de la estructura econ&#xF3;mica argentina contempor&#xE1;nea - 8. Funcionamiento te&#xF3;rico de los modelos de pol&#xED;tica econ&#xF3;mica en la Argentina contempor&#xE1;nea - 9. Aproximaci&#xF3;n emp&#xED;rica al funcionamiento de los modelos de pol&#xED;tica econ&#xF3;mica en la Argentina contempor&#xE1;nea - 10. Hacia un modelo viable de pol&#xED;tica econ&#xF3;mica en la Argentina actual</subfield>
  </datafield>
  <datafield tag="942" ind1=" " ind2=" ">
    <subfield code="c">BK</subfield>
  </datafield>
  <datafield tag="590" ind1=" " ind2=" ">
    <subfield code="a">niveau_biblio:m niveau_hierar:0</subfield>
  </datafield>
  <datafield tag="100" ind1="1" ind2=" ">
    <subfield code="a">Ferrucci, Ricardo Jorge</subfield>
  </datafield>
  <datafield tag="999" ind1=" " ind2=" ">
    <subfield code="c">5691</subfield>
    <subfield code="d">5691</subfield>
  </datafield>
  <datafield tag="952" ind1=" " ind2=" ">
    <subfield code="0">0</subfield>
    <subfield code="1">0</subfield>
    <subfield code="4">0</subfield>
    <subfield code="7">0</subfield>
    <subfield code="a">BCEJYS</subfield>
    <subfield code="b">BCEJYS</subfield>
    <subfield code="c">16</subfield>
    <subfield code="d">2026-04-07</subfield>
    <subfield code="l">0</subfield>
    <subfield code="o">329.12 F398</subfield>
    <subfield code="p">L53821</subfield>
    <subfield code="r">2026-04-07 15:58:20</subfield>
    <subfield code="w">2026-04-07</subfield>
    <subfield code="y">L</subfield>
  </datafield>
</record>
